000 01088cam a2200217 4500
001 WB3815-22
008 020425n2002 000 0 eng u
035 _a(Sirsi) u117671
245 _aSE plan seeks tighter limits to parking
260 _c2002
490 _aPlanning (for the Natural and Built Environment)
_v19 April 2002, 6(1)
520 _aLocal authorities in the South East should cut parking provision for non-residential developments to 50% of the limit set out in PPG13 on transport, and for all other locations 70% is recommended in a draft regional transport strategy. "Regional transport strategy for the South East region" can be viewed http://www.southeast-ra.gov.uk/reference_library/committees/executive/2002/260402/draft_rts_consultation_draft_v2a_[executive]_160402.doc
590 _aWB
650 _aREGIONAL TRANSPORT POLICY
650 _aSOUTH EAST
650 _aPLANNING POLICY GUIDANCE NOTE 13
650 _aCAR PARKING
650 _aREGIONAL PLANNING GUIDANCE
690 _aENVIRONMENTAL AND LAND CONSULTANCY-PLANNING AND DEVELOPMENT
942 _n0
999 _c70071
_d70071